Culture Générale Française #7 - Statistiques

Statistiques générales
  • Ce quiz a été pris 1 400 fois
    1 392 depuis la dernière actualisation
  • Le résultat moyen est 6 sur 20
Statistiques - réponses
Question Réponse % Correct
Quel sport est associé à la Révolution Française ? Jeu de Paume
75%
Quelle marque a pour mascotte un bonhomme en gazon ? Cetelem
73%
Quelle boisson est traditionnellement composée de crème de cassis et de vin blanc ? Kir
72%
De quelle ville François Hollande fut-il le maire ? Tulle
57%
Qu'est-ce qui est généralement surnommé la "Police des polices" ? IGPN
49%
Quelle ville se trouve en tête du classement des villes où il fait bon vivre depuis 2022 ? Angers
34%
Dans quel département peut-on voir le Palais idéal du facteur Cheval ? Drôme
29%
Quel navire, disparu en mer, a fait l'objet d'une chanson d'Alain Chamfort ? Manureva
28%
Qui était surnommé "Monsieur Cinéma" ? Pierre Tchernia
20%
Qu'on fondé Ambroise Croizat et Pierre Laroque en 1945 ? Sécurité sociale
16%
Quelle substance cancérigène a entraîné une catastrophe environnementale aux Antilles ? Chlordécone
15%
Qui était le complice de la marquise de Merteuil dans Les Liaisons dangereuses ? Vicomte de Valmont
15%
Quel mot peut aussi bien désigner un instrument de musique qu'une prison ? Violon
14%
Quel film a réuni à l'écran Benoît Magimel et Hélène Vincent ? La vie est un long fleuve tranquille
12%
Quel ministre de l'Éducation nationale a dû faire face à un large mouvement de contestation en 1986 ? Alain Devaquet
10%
Qui a été la première femme à devenir secrétaire perpétuel de l'Académie Française ? Hélène Carrère d'Encausse
9%
Où fut assassiné Henri Ier, duc de Guise ? Château de Blois
8%
Nommez l'une des deux résistantes entrées au Panthéon en 2015 Germaine Tillion / Geneviève de Gaulle-Anthonioz
7%
Que produit la Monnaie de Paris depuis 1996, que l'on peut acheter pour 2€ ? Médaille touristique
6%
Qu'est-ce qu'un syntagme ? Groupe de mots
2%
Aucun quiz correspondant
Distribution des résultats
% des personnes avec chaque résultat
Percentile par nombre de réponses
Votre historique - résultats
Vous n’avez pas pris ce quiz depuis la dernière actualisation